Statistics for 2018 FIFA Svjetsko Prvenstvo - Finale 16 Momčadi

Click here to take the quiz!

General Stats

  • This quiz has been taken 5 times
  • The average score is 14 of 16

Answer Stats

zemlja% Correct
Argentina
100%
Belgija
100%
Brazil
100%
Danska
100%
Engleska
100%
Hrvatska
100%
Portugal
100%
Rusija
100%
Urugvaj
100%
Francuska
80%
Kolumbija
80%
Španjolska
80%
Švedska
80%
Švicarska
80%
Japan
60%
Meksiko
60%

Score Distribution

Percentile by Number Answered

Percent of People with Each Score

Your Score History

You have not taken this quiz